| Tag |
First Indicator |
Second Indicator |
Subfields |
| LEADER |
00000cas a2200000 4500 |
| 001 |
in00000037035 |
| 005 |
20240213135534.0 |
| 008 |
760316d19741985njuqr p 0 a0eng c |
| 010 |
|
|
|a 76643369
|
| 012 |
|
|
|a 4
|b 3
|e n
|j 0
|k 1
|l 1
|m d
|
| 016 |
7 |
|
|a 009858748
|2 Uk
|
| 019 |
|
|
|a 1063353251
|a 1242781462
|a 1246504894
|
| 022 |
0 |
|
|a 0361-3488
|l 0361-3488
|2 1
|
| 029 |
1 |
|
|a AU@
|b 000000993586
|
| 029 |
1 |
|
|a NZ1
|b 12693608
|
| 029 |
1 |
|
|a NZ1
|b 3049928
|
| 029 |
1 |
|
|a ZWZ
|b 037363530
|
| 029 |
1 |
|
|a UKMGB
|b 009858748
|
| 030 |
|
|
|a IPMPCU
|
| 035 |
|
|
|a (OCoLC)ocm02052674
|
| 035 |
|
|
|a (OCoLC)2052674
|z (OCoLC)1063353251
|z (OCoLC)1242781462
|z (OCoLC)1246504894
|
| 035 |
|
|
|a (OCoLC)ocm02052674
|
| 037 |
|
|
|b American Powder Metallurgy Institute, P.O. Box 2054, Princeton, NJ 08540
|
| 040 |
|
|
|a NSD
|b eng
|c NSD
|d DLC
|d NSD
|d NST
|d OCL
|d SER
|d AIP
|d NST
|d WAU
|d NSD
|d DLC
|d PIT
|d NST
|d NSD
|d OCL
|d NST
|d OCL
|d NSD
|d OCLCQ
|d LVB
|d OCLCQ
|d UKMGB
|d OCLCF
|d OCLCO
|d OCLCQ
|d OCLCO
|d NBS
|
| 042 |
|
|
|a nsdp
|a pcc
|
| 050 |
0 |
0 |
|a TN695
|b .I57
|
| 082 |
0 |
4 |
|a 676.3/7/05
|
| 210 |
0 |
|
|a Int. j. powder metall. powder technol.
|
| 222 |
|
4 |
|a The International journal of powder metallurgy & powder technology
|
| 245 |
0 |
4 |
|a The International journal of powder metallurgy & powder technology.
|
| 246 |
3 |
0 |
|a International journal of powder metallurgy and powder technology
|
| 246 |
3 |
0 |
|a Powder metallurgy & powder technology
|
| 260 |
|
|
|a Princeton, NJ,
|a Baltimore,
|b American Powder Metallurgy Institute.
|
| 300 |
|
|
|a 12 volumes
|c 25 cm
|
| 310 |
|
|
|a Quarterly
|
| 336 |
|
|
|a text
|b txt
|2 rdacontent
|
| 337 |
|
|
|a unmediated
|b n
|2 rdamedia
|
| 338 |
|
|
|a volume
|b nc
|2 rdacarrier
|
| 362 |
0 |
|
|a v. 10-21; Jan. 1974-Oct. 1985.
|
| 510 |
2 |
|
|a Chemical abstracts
|x 0009-2258
|b 1974-1985
|
| 530 |
|
|
|a Also issued online.
|
| 650 |
|
0 |
|a Powder metallurgy
|v Periodicals.
|
| 650 |
|
6 |
|a Métallurgie des poudres
|v Périodiques.
|
| 650 |
|
7 |
|a Powder metallurgy.
|2 fast
|0 (OCoLC)fst01074162
|
| 655 |
|
7 |
|a Periodicals.
|2 fast
|0 (OCoLC)fst01411641
|
| 655 |
|
7 |
|a Periodicals.
|2 lcgft
|0 https://id.loc.gov/authorities/genreForms/gf2014026139
|
| 710 |
2 |
|
|a American Powder Metallurgy Institute.
|
| 776 |
0 |
8 |
|i Online version:
|t International journal of powder metallurgy & powder technology
|w (OCoLC)557566341
|
| 780 |
0 |
0 |
|t International journal of powder metallurgy
|x 0020-7535
|w (DLC) 71005458
|w (OCoLC)1639168
|
| 785 |
0 |
0 |
|t International journal of powder metallurgy (Princeton, N.J.)
|x 0888-7462
|w (DLC) 86643879
|w (OCoLC)13320625
|
| 850 |
|
|
|a AzU
|a CU-S
|a CU-SB
|a CaOOM
|a CaOWA
|a CaOWtU
|a DLC
|a FU
|a ICU
|a INS
|a IaAS
|a IaU
|a InLP
|a MiD
|a MiDW
|a NBuU-SE
|a NN
|a NNC
|a NcD
|a NcRS
|a NjR
|a OU
|a PPiU
|a PU
|a RPB-S
|a TxDaM
|a TxU
|a ViBlbV
|a WM
|a WyU
|
| 936 |
|
|
|a Jan. 1977
|a Jan. 1976
|
| 948 |
|
|
|h HELD BY TXA - 176 OTHER HOLDINGS
|
| 994 |
|
|
|a Z0
|b TXA
|
| 999 |
f |
f |
|s da954d6b-c714-3f07-b3e0-68b106dc5401
|i fe73c9b9-d905-3e07-8e94-de9aa0e09658
|t 0
|
| 952 |
f |
f |
|p ric
|a Texas A&M University
|b Rellis Campus
|c Joint Library Facility
|d Remote Storage
|t 0
|e TN695 .I57
|h Library of Congress classification
|i unmediated -- volume
|k v.10
|l 1974
|m A14820760368
|
| 952 |
f |
f |
|p ric
|a Texas A&M University
|b Rellis Campus
|c Joint Library Facility
|d Remote Storage
|t 0
|e TN695 .I57
|h Library of Congress classification
|i unmediated -- volume
|k v.13
|l 1977
|m A14818046449
|
| 952 |
f |
f |
|p ric
|a Texas A&M University
|b Rellis Campus
|c Joint Library Facility
|d Remote Storage
|t 0
|e TN695 .I57
|h Library of Congress classification
|i unmediated -- volume
|k v.19-20
|l 1983-1984
|m A14813820880
|
| 952 |
f |
f |
|p ric
|a Texas A&M University
|b Rellis Campus
|c Joint Library Facility
|d Remote Storage
|t 0
|e TN695 .I57
|h Library of Congress classification
|i unmediated -- volume
|k v.21
|l 1985
|m A14838676549
|
| 952 |
f |
f |
|p ric
|a Texas A&M University
|b Rellis Campus
|c Joint Library Facility
|d Remote Storage
|t 0
|e TN695 .I57
|h Library of Congress classification
|i unmediated -- volume
|k v.17-18
|l 1981-1982
|m A14825169339
|
| 952 |
f |
f |
|p ric
|a Texas A&M University
|b Rellis Campus
|c Joint Library Facility
|d Remote Storage
|t 0
|e TN695 .I57
|h Library of Congress classification
|i unmediated -- volume
|k v.15
|l 1979
|m A14820310804
|
| 952 |
f |
f |
|p ric
|a Texas A&M University
|b Rellis Campus
|c Joint Library Facility
|d Remote Storage
|t 0
|e TN695 .I57
|h Library of Congress classification
|i unmediated -- volume
|k v.16
|l 1980
|m A14829821713
|
| 952 |
f |
f |
|p ric
|a Texas A&M University
|b Rellis Campus
|c Joint Library Facility
|d Remote Storage
|t 0
|e TN695 .I57
|h Library of Congress classification
|i unmediated -- volume
|k v.11
|l 1975
|m A14838676484
|
| 952 |
f |
f |
|p ric
|a Texas A&M University
|b Rellis Campus
|c Joint Library Facility
|d Remote Storage
|t 0
|e TN695 .I57
|h Library of Congress classification
|i unmediated -- volume
|k v.14
|l 1978
|m A14818046546
|
| 998 |
f |
f |
|a TN695 .I57
|s v.10-21 (1974-1985)
|t 0
|l Remote Storage
|